00718cam a22002291a 4500001001300000003000400013005001700017008004100034010001700075035001900092040004800111042001200159043001200171050001600183100005100199245006000250260005800310300002900368650002400397710005000421999001700471e 24000448 DLC20260227111215.0830627q1923 wiua s000 0 eng c ae 24000448  a(OCoLC)9648821 aU.S. Off. of educ. LibrarycWRfCdWRfCdDLC apremarc an-us-wi00aLB1775b.A51 aAnderson, Charles J.q(Charles Joseph),d1880-14aThe status of teachers in Wisconsin/cby C.J. Anderson. aMadison :bDepartment of Public Instruction,c[1923?] a156 p. :bill. ;c23 cm. 0aTeacherszWisconsin1 aWisconsin.bDepartment of Public Instruction. c20704d20704